000 00260nam a22001217a 4500
003 OSt
008 241219b |||||||| |||| 00| 0 eng d
041 _aeng
082 _a625.7
_bPRI/RO
100 _aPriyani, VB
_96518
245 _aRoad Engineering
942 _cBK
999 _c18698
_d18698